| 000 | 00586nam a2200169 i 4500 | ||
|---|---|---|---|
| 001 | 30339 | ||
| 003 | ES-MaACL | ||
| 005 | 20230906154158.0 | ||
| 007 | t| | ||
| 008 | 030124s1896 sp ||||1| spa d | ||
| 100 | 1 |
_aBarrios Carrión, Leopoldo. _926023 |
|
| 245 | 1 | 3 |
_aEl porvenir de las naciones Ibero-Americanas / _cLeopoldo Barrios Carrión. |
| 260 |
_aMadrid : _b[s.n.], _c1896 ( _fImpr. del Cuerpo de Artillería) |
||
| 300 |
_a36 p. ; _c22 cm. |
||
| 500 | _aPrecede al tít.: Publicaciones de los "Estudios Militares" | ||
| 852 |
_aES-MaACL _jT-845-F-8 _z.- Dedicatoria autógrafa |
||
| 999 |
_c30339 _d30339 |
||